|
|
|
|
| LEADER |
01282ppm a22002658a 4500 |
| 001 |
00041015 |
| 005 |
20180313140324.0 |
| 008 |
121122s2009 ||||||viesd |
| 041 |
0 |
# |
|a vie
|
| 082 |
1 |
4 |
|a 320.07
|b V121D
|
| 100 |
1 |
# |
|a Đinh, Thị Thu Hà
|
| 245 |
0 |
0 |
|a Vận dụng tư tưởng Hồ Chí Minh về giáo dục lý luận chính trị vào bồi dưỡng lý luận chính trị cho Đảng viên mới ở Đảng bộ Huyện Cao Lãnh, tỉnh Đồng Tháp
|b Luận văn thạc sĩ Khoa học giáo dục . Chuyên ngành: LL & PPDH bộ môn Giáo dục Chính trị . Mã số: 60.14.01.11
|c Đinh Thị Thu Hà ; Đinh Trung Thành(hướng dẫn)
|
| 260 |
# |
# |
|a Nghệ An
|b Đại học Vinh
|c 2014
|
| 300 |
# |
# |
|c 30cm
|a 100tr.
|
| 500 |
# |
# |
|a ĐTTS ghi: Bộ giáo dục và đào tạo. Đại học Vinh
|
| 653 |
# |
# |
|a Bồi dưỡng lý luận
|
| 653 |
# |
# |
|a Đồng Tháp
|
| 653 |
# |
# |
|a Đảng bộ
|
| 653 |
# |
# |
|a Chính trị
|
| 653 |
# |
# |
|a Luận Văn
|
| 653 |
# |
# |
|a Vận dụng
|
| 700 |
1 |
# |
|a Đinh, Trung Thành
|e Hướng dẫn
|
| 852 |
# |
# |
|j LV.0001770
|
| 910 |
|
|
|d 13/03/2018
|
| 980 |
# |
# |
|a Trung tâm Học liệu Lê Vũ Hùng, Trường Đại học Đồng Tháp
|